000 01333njm a22002777a 4500
005 20100910151521.0
006 a|||||r|||||00| 0
007 sd ammalaaahaa
008 100910t xxu||||| |||| 00| 0 eng d
028 _a45-AE.1328
_bAngel Records
035 _aGR-01955
040 _aSED
_cSED
100 _917690
_aMangeshkar, Lata
245 _aIshq Par Zor Nahin /
_csung by Asha Bhosle [and] Lata Mangeshkar; music by S.D. Burman; lyric by Anand Bakshi
_h[Sound Recording] :
246 _aइश्क पर जोर नहीं / लता मंगेशकर द्वारा
260 _aDum Dum India
_bAngel Records
_c1969
300 _a1 sound disc (Gramophone Recording)
_banalog, 45 rpm
_c7 in. (SP)
_fGramophone Record
500 _aBrief Record
505 _aSide-1 प्यार भरी इक बात चलो (Pyar Bhari Ik Baat Chalo) (Asha Bhosle) -- Side-2 तुम मुझसे दूर चले जाना न (Tum Mujhse Dur Chale Jana Na) (Lata Mangeshkar)
650 _aInstrumental Classical Music
_xExcerpts
_zIndia
_917691
700 _aBhosle, Asha
_919553
700 _aBurman, S.D.
_919554
700 _aBakshi, Anand
_919555
942 _2ddc
_cGR
999 _c45204
_d45204